[Event "St Petersburg Korchnoi Memorial op"]
[Site "St Petersburg"]
[Date "2024.08.19"]
[Round "5"]
[White "Reger, Valeriia"]
[Black "Sarychev, Sergey"]
[Result "0-1"]
[WhiteElo "1977"]
[BlackElo "1806"]
[PlyCount "82"]
[EventDate "2024.08.17"]
[EventType "swiss"]
[EventRounds "9"]
[EventCountry "RUS"]
[SourceTitle "EXT 2025"]
[Source "ChessBase"]
[SourceDate "2024.10.14"]
[SourceVersion "1"]
[SourceVersionDate "2024.10.14"]
[SourceQuality "1"]

1. d4 d5 2. Nf3 Nf6 3. Bf4 e6 4. e3 Bd6 5. Bg3 0-0 6. Bd3 b6 7. Nbd2 Bb7 8. Ne5 c5 9. c3 Nc6 10. f4 Ne7 11. 0-0 Nf5 12. Bf2 Be7 13. Qe2 c4 14. Bc2 b5 15. a4 a6 16. b3 Qc7 17. bxc4 bxc4 18. g4 Nd6 19. g5 Nfe4 20. Nxe4 dxe4 21. Qg4 Bd5 22. h4 Nf5 23. Qg2 Nd6 24. Be1 Kh8 25. Bd2 f6 26. Ng4 f5 27. Ne5 Nf7 28. h5 Nxe5 29. fxe5 Qd8 30. g6 h6 31. Be1 Bg5 32. Qe2 Rb8 33. Bd2 Bh4 34. Kh2 Qa5 35. Rab1 Rfc8 36. Rb4 Be7 37. Rbb1 Qd8 38. Be1 Rxb1 39. Bxb1 Rb8 40. Qa2 Qb6 41. Bc2 Qb2 0-1

[Event "Minsk Bronstein Memorial op"]
[Site "Minsk"]
[Date "2024.07.13"]
[Round "2"]
[White "Sarychev, Sergey"]
[Black "Samusenko, Maksim"]
[Result "0-1"]
[WhiteElo "1807"]
[BlackElo "2420"]
[PlyCount "56"]
[EventDate "2024.07.12"]
[EventType "swiss"]
[EventRounds "10"]
[EventCountry "BLR"]
[SourceTitle "EXT 2025"]
[Source "ChessBase"]
[SourceDate "2024.10.14"]
[SourceVersion "1"]
[SourceVersionDate "2024.10.14"]
[SourceQuality "1"]

1. d4 Nf6 2. c4 e6 3. Nc3 Bb4 4. e3 0-0 5. Bd3 Re8 6. Nge2 d5 7. 0-0 Nbd7 8. f3 c5 9. a3 cxd4 10. axb4 dxc3 11. bxc3 Ne5 12. c5 b6 13. Bc2 bxc5 14. bxc5 Qc7 15. Qd4 Ned7 16. e4 e5 17. Qf2 a5 18. Be3 Ba6 19. Rae1 Rab8 20. Ba4 Rb2 21. c6 Nb6 22. Bxb6 Rxb6 23. exd5 Nxd5 24. Qc5 Ne7 25. Rf2 Reb8 26. c4 Rb4 27. Nc3 Rxc4 28. Nd5 Nxd5 0-1

[Event "Minsk op"]
[Site "Minsk"]
[Date "2022.08.10"]
[Round "8"]
[White "Osetrov, Dmitrij"]
[Black "Sarychev, Sergey"]
[Result "1-0"]
[WhiteElo "2087"]
[BlackElo "1838"]
[PlyCount "87"]
[EventDate "2022.08.03"]
[EventType "swiss"]
[EventRounds "9"]
[EventCountry "BLR"]
[SourceTitle "CBM 209 Extra"]
[Source "ChessBase"]
[SourceDate "2022.09.30"]
[SourceVersion "1"]
[SourceVersionDate "2022.09.30"]
[SourceQuality "1"]

1. d4 d5 2. c4 e6 3. g3 Nf6 4. Bg2 c5 5. cxd5 exd5 6. Nf3 Nc6 7. 0-0 Be7 8. Nc3 0-0 9. Bg5 c4 10. Ne5 Be6 11. Nxc6 bxc6 12. b3 h6 13. Bxf6 Bxf6 14. bxc4 dxc4 15. e3 Qa5 16. Rc1 Rac8 17. Qa4 Qxa4 18. Nxa4 Rfd8 19. Nc5 Bd5 20. Nb7 Rf8 21. Nd6 Rb8 22. Nxc4 Rb4 23. Na5 Ra4 24. Bxd5 cxd5 25. Nc6 Rxa2 26. Ra1 Rb2 27. Rxa7 Rc8 28. Rc1 Kf8 29. Rc5 Ke8 30. Raa5 Rd2 31. Na7 Rb8 32. Rab5 Ra8 33. Rc8+ Rxc8 34. Nxc8 Kd7 35. Na7 Ra2 36. Rb7+ Ke6 37. Nb5 Bd8 38. Kg2 h5 39. h4 g6 40. Nc3 Rc2 41. Nxd5 Ba5 42. Nf4+ Kf6 43. e4 Be1 44. e5+ 1-0

[Event "Orsha op"]
[Site "Orsha"]
[Date "2021.04.08"]
[Round "5"]
[White "Sarychev, Sergey"]
[Black "Siniauski, Artsiom"]
[Result "0-1"]
[WhiteElo "1904"]
[BlackElo "2277"]
[PlyCount "64"]
[EventDate "2021.04.06"]
[EventType "swiss"]
[EventRounds "9"]
[EventCountry "BLR"]
[SourceTitle "CBM 202 Extra"]
[Source "ChessBase"]
[SourceDate "2021.07.31"]
[SourceVersion "1"]
[SourceVersionDate "2021.07.31"]
[SourceQuality "1"]

1. d4 Nf6 2. c4 e6 3. Nc3 Bb4 4. e3 c5 5. Nge2 cxd4 6. exd4 d5 7. a3 Bxc3+ 8. Nxc3 Nc6 9. c5 b6 10. b4 bxc5 11. dxc5 d4 12. Bb5 Bb7 13. Ne2 e5 14. 0-0 0-0 15. f4 a6 16. Bxc6 Bxc6 17. fxe5 Qd5 18. Nf4 Qxe5 19. Re1 Be4 20. Ra2 Rad8 21. Nd3 Qd5 22. Rae2 Rfe8 23. Bf4 Qf5 24. Qa4 Rf8 25. Bd6 Bxd3 26. Re5 Qd7 27. Qd1 Bb5 28. Bxf8 Kxf8 29. Qd2 d3 30. Kh1 Qd4 31. Re7 Bc6 32. a4 Ne4 0-1

[Event "Minsk Bronstein Memorial op"]
[Site "Minsk"]
[Date "2020.02.23"]
[Round "7"]
[White "Savitski, Andrei"]
[Black "Sarychev, Sergey"]
[Result "1-0"]
[WhiteElo "2257"]
[BlackElo "1914"]
[PlyCount "67"]
[EventDate "2020.02.22"]
[EventType "swiss (rapid)"]
[EventRounds "10"]
[EventCountry "BLR"]
[SourceTitle "CBM 195 Extra"]
[Source "ChessBase"]
[SourceDate "2020.05.31"]
[SourceVersion "1"]
[SourceVersionDate "2020.05.31"]
[SourceQuality "1"]

1. e4 e6 2. f4 d5 3. e5 c5 4. Nf3 Nc6 5. c3 Nh6 6. Na3 Nf5 7. Nc2 Be7 8. d4 h5 9. Bd3 Qb6 10. 0-0 Bd7 11. Bxf5 exf5 12. dxc5 Bxc5+ 13. Kh1 Be6 14. b4 Be7 15. Be3 Qd8 16. a4 a5 17. b5 Nb8 18. Qe2 Nd7 19. Rfd1 Rc8 20. Rd3 Nc5 21. Bxc5 Rxc5 22. Rad1 Qc7 23. Qd2 0-0 24. Ne3 Rc8 25. Rc1 Rd8 26. Nd4 g6 27. Nb3 b6 28. Nxc5 Bxc5 29. Nxd5 Bxd5 30. Rxd5 Rxd5 31. Qxd5 Be3 32. Rd1 Qxc3 33. e6 Qc7 34. Qd7 1-0

[Event "Minsk Amateur op"]
[Site "Minsk"]
[Date "2018.06.30"]
[Round "8"]
[White "Karacay, Aybar"]
[Black "Sarychev, Sergey"]
[Result "1/2-1/2"]
[WhiteElo "1817"]
[BlackElo "2008"]
[PlyCount "103"]
[EventDate "2018.06.25"]
[EventType "swiss"]
[EventRounds "9"]
[EventCountry "BLR"]
[SourceTitle "CBM 185 Extra"]
[Source "ChessBase"]
[SourceDate "2018.07.29"]
[SourceVersion "1"]
[SourceVersionDate "2018.07.29"]
[SourceQuality "1"]

1. e3 d5 2. Nf3 Nf6 3. h3 c5 4. b3 a6 5. Bb2 Nc6 6. d4 cxd4 7. exd4 e6 8. Bd3 Bd6 9. Nbd2 0-0 10. 0-0 Qc7 11. a3 b5 12. b4 Bb7 13. Re1 Rac8 14. Nb3 Rce8 15. Nc5 Bxc5 16. bxc5 Na5 17. Ne5 Nc4 18. Bc1 Nxe5 19. Rxe5 Nd7 20. Bf4 Nxe5 21. Bxe5 Qe7 22. Bd6 Qf6 23. c3 e5 24. a4 exd4 25. cxd4 b4 26. a5 Re6 27. Bxf8 Kxf8 28. Bc2 Bc6 29. Rb1 Bb5 30. Rb3 Qe7 31. Qh5 Ba4 32. Qxh7 Re1+ 33. Kh2 Qc7+ 34. Rg3 Bxc2 35. Qxc2 Qf4 36. c6 Rc1 37. Qh7 Rxc6 38. Qh8+ Ke7 39. Qxg7 Rc3 40. Qh8 b3 41. Qa8 Qc7 42. Qxd5 b2 43. Qe4+ Kd8 44. Qd5+ Ke7 45. Qe4+ Kf6 46. Qh4+ Ke6 47. Qe4+ Kd7 48. Qd5+ Ke8 49. Qa8+ Ke7 50. Qe4+ Kd7 51. Qf5+ Ke7 52. Qe4+ 1/2-1/2

[Event "Minsk Amateur op"]
[Site "Minsk"]
[Date "2018.06.26"]
[Round "2"]
[White "Aslanov, Umid Fuad"]
[Black "Sarychev, Sergey"]
[Result "1/2-1/2"]
[WhiteElo "1595"]
[BlackElo "2008"]
[PlyCount "102"]
[EventDate "2018.06.25"]
[EventType "swiss"]
[EventRounds "9"]
[EventCountry "BLR"]
[SourceTitle "CBM 185 Extra"]
[Source "ChessBase"]
[SourceDate "2018.07.29"]
[SourceVersion "1"]
[SourceVersionDate "2018.07.29"]
[SourceQuality "1"]

1. e4 c5 2. Nf3 d6 3. d4 cxd4 4. Nxd4 Nf6 5. Nc3 g6 6. Be3 Bg7 7. f3 Nc6 8. Qd2 0-0 9. 0-0-0 d5 10. exd5 Nxd5 11. Nxc6 bxc6 12. Bd4 Bxd4 13. Qxd4 Qb6 14. Nxd5 cxd5 15. Qxb6 axb6 16. Kb1 Bb7 17. Bb5 Ra5 18. a4 Rc8 19. Rhe1 e6 20. Re3 Kf8 21. f4 h5 22. g3 Ke7 23. c3 Kf6 24. h3 Bc6 25. Bxc6 Rxc6 26. Rd4 Rac5 27. Kc2 Rc4 28. Rxc4 Rxc4 29. b3 Rc8 30. Kd3 Kf5 31. Re5+ Kf6 32. Re3 Ke7 33. Kd4 Kd6 34. Rf3 f6 35. Kd3 Ke7 36. Kd4 Kd7 37. Rf2 Kd6 38. Kd3 Rg8 39. Rf1 g5 40. f5 e5 41. Rd1 g4 42. h4 Re8 43. c4 Kc5 44. cxd5 Kxd5 45. Ke3+ Kc5 46. Rc1+ Kd5 47. Rd1+ Kc5 48. Rc1+ Kd5 49. Rd1+ Kc5 50. Rc1+ Kd6 51. Rd1+ Kc6 1/2-1/2

[Event "BLR-ch 1st stage"]
[Site "Minsk"]
[Date "2016.12.04"]
[Round "2"]
[White "Ziaziulkina, Nastassia"]
[Black "Sarychev, Sergey"]
[Result "1-0"]
[WhiteElo "2380"]
[BlackElo "2060"]
[PlyCount "63"]
[EventDate "2016.12.03"]
[EventType "swiss"]
[EventRounds "9"]
[EventCountry "BLR"]
[SourceTitle "CBM 176 Extra"]
[Source "ChessBase"]
[SourceDate "2017.03.02"]
[SourceVersion "1"]
[SourceVersionDate "2017.03.02"]
[SourceQuality "1"]

1. e4 c5 2. Nf3 d6 3. d4 cxd4 4. Nxd4 Nf6 5. Nc3 g6 6. Be3 Bg7 7. f3 0-0 8. Qd2 Nc6 9. g4 Nxd4 10. Bxd4 Be6 11. h4 Qa5 12. h5 Rfc8 13. Rh2 Bc4 14. Bh3 Be6 15. hxg6 hxg6 16. g5 Nd7 17. Bxe6 fxe6 18. Bxg7 Kxg7 19. 0-0-0 Rh8 20. Rdh1 Rxh2 21. Qxh2 Qxg5+ 22. f4 Qh5 23. Qg2 Qc5 24. f5 exf5 25. Qg5 Qe5 26. exf5 Qf6 27. Qh6+ Kf7 28. Qh7+ Qg7 29. fxg6+ Kf8 30. Qh8+ Qg8 31. g7+ Kf7 32. Qh5+ 1-0

[Event "Minsk Bronstein Memorial op"]
[Site "Minsk"]
[Date "2015.02.14"]
[Round "10"]
[White "Smirnov, Valerij"]
[Black "Sarychev, Sergey"]
[Result "0-1"]
[WhiteElo "2354"]
[BlackElo "1999"]
[PlyCount "86"]
[EventDate "2015.02.14"]
[EventType "swiss (rapid)"]
[EventRounds "10"]
[EventCountry "BLR"]
[SourceTitle "EXT 2017"]
[Source "ChessBase"]
[SourceDate "2016.10.25"]
[SourceVersion "1"]
[SourceVersionDate "2016.10.25"]
[SourceQuality "1"]

1. g3 d5 2. Bg2 c5 3. c4 d4 4. Nf3 Nc6 5. 0-0 e5 6. d3 Bd6 7. a3 a5 8. e3 Nf6 9. exd4 cxd4 10. Nbd2 0-0 11. Re1 Bf5 12. Qc2 h6 13. c5 Bc7 14. Nc4 e4 15. dxe4 d3 16. Qa4 Bxe4 17. Bd2 Qd5 18. Ne3 Qh5 19. Qd1 Qxc5 20. Rc1 Qd6 21. b4 axb4 22. axb4 Rac8 23. b5 Nd4 24. Nxd4 Qxd4 25. Rc4 Qe5 26. Bxe4 Nxe4 27. Ng4 Nxf2 28. Nxf2 Qxb5 29. Qc1 Qd7 30. Qb1 Bxg3 31. Rxc8 Bxf2+ 32. Kxf2 Rxc8 33. Qb4 Rc2 34. Kg1 b5 35. Re7 Qd5 36. Kf2 Qg5 37. Re8+ Kh7 38. Re3 Rc4 39. Qa5 Rf4+ 40. Rf3 Qh4+ 41. Kg2 Qg4+ 42. Rg3 Qe2+ 43. Kh3 Qf1+ 0-1

[Event "Minsk Bronstein Memorial op"]
[Site "Minsk"]
[Date "2015.02.14"]
[Round "4"]
[White "Tihonov, Jurij"]
[Black "Sarychev, Sergey"]
[Result "1-0"]
[WhiteElo "2404"]
[BlackElo "1999"]
[PlyCount "53"]
[EventDate "2015.02.14"]
[EventType "swiss (rapid)"]
[EventRounds "10"]
[EventCountry "BLR"]
[SourceTitle "EXT 2017"]
[Source "ChessBase"]
[SourceDate "2016.10.25"]
[SourceVersion "1"]
[SourceVersionDate "2016.10.25"]
[SourceQuality "1"]

1. Nf3 d5 2. d4 c5 3. c4 e6 4. cxd5 exd5 5. g3 Nf6 6. Bg2 Nc6 7. 0-0 Be7 8. Nc3 c4 9. Ne5 0-0 10. b3 cxb3 11. Nxc6 bxc6 12. axb3 Bf5 13. Ba3 Re8 14. e3 Rb8 15. Bxe7 Qxe7 16. Na4 Be4 17. f3 Bf5 18. Re1 Nd7 19. Rc1 Qg5 20. Rc3 h5 21. Qc1 Re6 22. e4 Qxc1 23. Rcxc1 Bg6 24. Bh3 Re7 25. exd5 Kf8 26. Rxe7 Kxe7 27. dxc6 1-0

[Event "Minsk Inautomarket op"]
[Site "Minsk"]
[Date "2007.07.10"]
[Round "1"]
[White "Sarychev, Sergey"]
[Black "Maiorov, Nikita"]
[Result "0-1"]
[WhiteElo "2146"]
[BlackElo "2487"]
[PlyCount "76"]
[EventDate "2007.07.10"]
[EventType "swiss"]
[EventRounds "9"]
[EventCountry "BLR"]
[SourceTitle "EXT 2008"]
[Source "ChessBase"]
[SourceDate "2007.11.25"]
[SourceVersion "1"]
[SourceVersionDate "2007.11.25"]
[SourceQuality "1"]

1. d4 Nf6 2. c4 e6 3. Nf3 b6 4. g3 Ba6 5. Qa4 Bb7 6. Bg2 c5 7. 0-0 cxd4 8. Nxd4 Bxg2 9. Kxg2 a6 10. Nc3 Qc7 11. f3 Be7 12. Rd1 Ra7 13. Be3 0-0 14. Rac1 d6 15. Qb3 Nbd7 16. a4 Rb7 17. Qa2 Ne5 18. Nb1 Rc8 19. Bf2 Qb8 20. b3 Rbc7 21. Qb2 Qb7 22. h3 Nfd7 23. Nc3 Nc5 24. Qb1 h5 25. Kh2 Bf8 26. f4 Nc6 27. Nf3 g6 28. Ng5 Nb4 29. Bd4 e5 30. fxe5 dxe5 31. Bxe5 Re7 32. Bf6 Ree8 33. e4 Bh6 34. Nd5 Nxd5 35. cxd5 Bxg5 36. Bxg5 Nxe4 37. Rxc8 Qxc8 38. Bd2 Nc3 0-1